Представление документа в формате MARC21

Поле Инд. ПП Название Значение
Тип записи a
Библиографический уровень m
001 Контрольный номер b1d962f0-ddc4-4568-892a-1d70935570c2
005 Дата корректировки 20140703151147.3
008 Кодируемые данные 061129
020 a ISBN 5-238-00654-3
c Цена, тираж 116.00
040 a Служба первич. каталог. НБ ТвГУ
041 a Код языка текста rus
080 a Индекс УДК 395(075.8)
a Индекс УДК 316.6(075.8)
084 a Индекс другой классификации/Индекс ББК Ю705.4я73-1
a Индекс другой классификации/Индекс ББК С861я73-1
090 x Авторский знак Д29
a Полочн. индекс Ю705.4
245 10 a Заглавие Деловой этикет
b Продолж. заглавия учеб. пособие для студентов вузов
c Ответственность авт.-сост. И. Н. Кузнецов
260 0_ a Место издания Москва
b Издательство ЮНИТИ
c Дата издания 2006
300 a Объем 431 с.
b Иллюстрации/ тип воспроизводства ил.
440 a Серия Деловое общение
504 a Библиография Библиогр.: с. 426-430.
583 a Действие Получение впервые 454 23.11.2006
k Исполнитель действия ООО "Издательство ЮНИТИ-ДАНА"
650 a Основная рубрика Общение деловое
x Основная подрубрика Учебники для вузов
650 a Основная рубрика Этикет
653 a Ключевые слова Деловой этикет
a Ключевые слова Деловое общение
a Ключевые слова Протокол
a Ключевые слова Общение
a Ключевые слова Этикет
700 1_ a Другие авторы Кузнецов Игорь Николаевич
e Роль лиц авт.-сост.
852 t Порядковый номер экземпляра 30
p Инвентарный номер 860870
p Инвентарный номер 860871
p Инвентарный номер 860872
p Инвентарный номер 860873
p Инвентарный номер 860874
p Инвентарный номер 860875
p Инвентарный номер 860876
p Инвентарный номер 860877
p Инвентарный номер 860878
p Инвентарный номер 860879
p Инвентарный номер 860880
p Инвентарный номер 860881
p Инвентарный номер 860882
p Инвентарный номер 860883
p Инвентарный номер 860884
p Инвентарный номер 860885
p Инвентарный номер 860886
p Инвентарный номер 860887
p Инвентарный номер 860888
p Инвентарный номер 860889
p Инвентарный номер 860890
p Инвентарный номер 860891
p Инвентарный номер 860892
p Инвентарный номер 860893
p Инвентарный номер 860894
p Инвентарный номер 860895
p Инвентарный номер 860896
p Инвентарный номер 860897
p Инвентарный номер 860898
p Инвентарный номер 860899
863 t 00161206
863 t 00161207
863 t 00161208
863 t 00161209
863 t 00161210
863 t 00161211
863 t 00161212
863 t 00161213
863 t 00161214
863 t 00161215
863 t 00161216
863 t 00161217
863 t 00161218
863 t 00161219
863 t 00161220
863 t 00161221
863 t 00161222
863 t 00161223
863 t 00161224
863 t 00161225
863 t 00161226
863 t 00161227
863 t 00161228
863 t 00161229
863 t 00161230
863 t 00161231
863 t 00161232
863 t 00161233
863 t 00161234
863 t 00161235
888 a За счет средств университета
930 a Новая/Ретро учебники
952 p 454.2006 116.00 1 860870
p 454.2006 116.00 1 860871
p 454.2006 116.00 1 860872
p 454.2006 116.00 1 860873
p 454.2006 116.00 1 860874
p 454.2006 116.00 1 860875
p 454.2006 116.00 1 860876
p 454.2006 116.00 1 860877
p 454.2006 116.00 1 860878
p 454.2006 116.00 1 860879
p 454.2006 116.00 1 860880
p 454.2006 116.00 1 860881
p 454.2006 116.00 1 860882
p 454.2006 116.00 1 860883
p 454.2006 116.00 1 860884
p 454.2006 116.00 1 860885
p 454.2006 116.00 1 860886
p 454.2006 116.00 1 860887
p 454.2006 116.00 1 860888
p 454.2006 116.00 1 860889
p 454.2006 116.00 1 860890
p 454.2006 116.00 1 860891
p 454.2006 116.00 1 860892
p 454.2006 116.00 1 860893
p 454.2006 116.00 1 860894
p 454.2006 116.00 1 860895
p 454.2006 116.00 1 860896
p 454.2006 116.00 1 860897
p 454.2006 116.00 1 860898
p 454.2006 116.00 1 860899
c Вид литературы К ру
954 a Дата поступления на обработку 20061201
999 a Подразделение 2 Фил1